000 nam a22 a 4500
999 _c348416
_d348416
003 BLK
005 20220225150418.0
008 180411b bul|||||r ||||||| ||bul||
020 _a9786197354843
040 _aBLK
041 _aBUL
_cBUL
072 7 _2bullib
_aРА
_xРусенски автори
080 _aБългарска литература
_b821.163.2
_x-14
_z821.163.2-14
100 1 _aПенева, Николина
_eпърви автор
_gБачева, Николина Пенева
_9263308
139 _aПенева, Николина
_bП 34
245 1 0 _aБог - с лична позиция : Духовни беседи и духовна поезия
_cНиколина Пенева; * Николина Пенева Бачева
257 _aBGR
260 _bGaiana Book Art Studio
_c2019
_aРусе
300 _a88 с.
_c21 см
380 _aX
500 _aПълното име на авт. е Николина Пенева Бачева.
700 1 _aБачева, Николина Пенева
_e*
_9366534
852 _aК 821.163.2/П 34 Н
856 4 _qpdf
856 4 _qpdf
942 _cKNG
_n0
_s1
944 _aCR
_c2020-02-04
_kВ. Р.
999 _d348416